| 000 | 00657cam a22002293a 4500 | ||
|---|---|---|---|
| 001 | 29128 | ||
| 003 | PGUSA | ||
| 005 | 20140828083630.0 | ||
| 008 | 090615s2009||||xxu|||||s|||||000 1 eng d | ||
| 040 |
_aPGUSA _beng |
||
| 042 | _adc | ||
| 050 | 4 | _aPS | |
| 100 | 1 | _aManiates, Belle Kanaris | |
| 245 | 1 | 0 |
_aDavid Dunne : _bA Romance of the Middle West _h[electronic resource] / _cBelle Kanaris Maniates |
| 260 |
_bProject Gutenberg, _c2009 |
||
| 506 | _aPublic domain in the USA. | ||
| 516 | _aElectronic text | ||
| 653 | _aMiddle West -- Fiction | ||
| 830 | 0 |
_aProject Gutenberg _v29128 |
|
| 856 | 4 | 0 | _uhttp://www.gutenberg.org/ebooks/29128 |
| 942 | _cEB | ||
| 999 |
_c258383 _d258383 |
||